Ottův slovník naučný nové doby : Dodatky k velikému Ottovu slovníku náučnému. Díl 3a: Dek-Gan

Guardado en:
Detalles Bibliográficos
Formato: Libro
Lenguaje:checo
Publicado: Praha : J.Otto, 1932
Materias:
Etiquetas: Agregar Etiqueta
Sin Etiquetas, Sea el primero en etiquetar este registro!

MARC

LEADER 00000nam a22000003a 4500
001 stu40275
005 20150408180555.2
008 930408s1932----cs------------------cze-d
040 |a STU  |b slo 
041 0 |a cze 
044 |a cs 
080 |a 030.1 
245 |a Ottův slovník naučný nové doby :  |b Dodatky k velikému Ottovu slovníku náučnému. Díl 3a: Dek-Gan 
260 |a Praha :  |b J.Otto,  |c 1932 
300 |a 790 s 
650 7 |a encyklopédie všeobecné  |2 stusub 
996 |b 284M056839  |c M*936/3A-1  |l MMST  |s P  |a 0  |w stu40275_0001